Security world magazín o bezpečnosti v kybernetickém světě

Bibliographic Details
New Title:Securitytrends
Previous Title:PC world security
Format: Journal
Language:Czech
PhysicalDescription:zv. 30 cm
Published: Praha IDG Czech 2007-2024
Praha Internet Info DG, a.s.
ISSN:1802-4505
1214-794X
3029-7559
Subjects:
Online Access:http://www.securityworld.cz

MARC

LEADER 00000cas a22000004a 4500
001 vtls009486146
003 SK-MaSNL
005 20260228155944.0
008 090323d20072024xr qr p 0 b0cze c
022 |a 1802-4505 
035 |a (SVKBB)vtls000306772 
040 |a SVKBB  |b slo  |c SVKBB  |d SNK  |e AACR2 
041 0 |a cze 
044 |a xr  |c CZ 
080 |a 004.4 
080 |a 004.6 
080 |a 004.056 
080 |a 004.49 
080 |a 050 
210 0 |a Secur. World  |b (Praha) 
222 0 |a Security World  |b (Praha) 
245 0 0 |a Security world  |b magazín o bezpečnosti v kybernetickém světě 
260 |a Praha  |b IDG Czech  |c 2007-2024 
260 3 |3 2020-2024  |a Praha  |b Internet Info DG, a.s. 
300 |a zv.  |c 30 cm 
310 |a 4x ročne 
362 0 |a Č. 2 (březen/duben/květen 2007)-č. 4 (2024) 
500 |a Podnázov od 2009: čtvrtletník o informační bezpečnosti 
650 0 7 |a informačná bezpečnosť  |2 SNKPH  |9 72884 
650 0 7 |a biometrická identifikácia  |2 SNKPH  |9 84151 
780 0 0 |t PC world security  |x 1214-794X 
785 0 0 |t Securitytrends  |x 3029-7559  |w vtls012274980 
852 |a Štátna vedecká knižnica v Banskej Bystrici 
856 4 1 |u http://www.securityworld.cz 
910 |a snk 
999 |c 994  |d 994 
952 |0 0  |1 0  |4 0  |7 1  |8 3  |a SNK  |b SNK  |d 2023-05-11  |i snk2023/7478  |l 0  |o snkČB 5837/2021  |p 17A1465943  |r 2026-02-21 19:49:44  |t č. 1-4  |w 2026-02-21  |y NEVYP 
952 |0 0  |1 0  |4 0  |7 0  |8 3  |a SNK  |b SNK  |d 2024-05-21  |i snk2024/7992  |l 0  |o snkČB 5837/2022  |p 17A1523080  |r 2026-02-21 19:53:25  |t č. 1-4  |w 2026-02-21  |y PREZ 
952 |0 0  |1 0  |4 0  |7 0  |8 3  |a SNK  |b SNK  |d 2025-07-16  |i snk2025/11449  |l 0  |o snkČB 5837/2023  |p 17A1557198  |r 2026-02-21 20:10:18  |t č. 1-4  |w 2026-02-21  |y PREZ 
952 |0 0  |1 0  |4 0  |7 0  |8 3  |a SNK  |b SNK  |d 2025-07-16  |i snk2025/11451  |l 0  |o snkČB 5837/2024  |p 17A1557199  |r 2026-02-21 20:10:18  |t č. 1-4  |w 2026-02-21  |y PREZ